LIBRARY & INFORMATION CENTRE, KCAET, TAVANUR

ONLINE PUBLIC ACCESS CATALOGUE (OPAC)

Normal view MARC view
  • Potter, Norman N .

Entry Personal Name

Number of records used in: 1

001 - CONTROL NUMBER

  • control field: 3091

003 - CONTROL NUMBER IDENTIFIER

  • control field: OSt

005 - DATE AND TIME OF LATEST TRANSACTION

  • control field: 20180521141411.0

008 - FIXED-LENGTH DATA ELEMENTS

  • fixed length control field: 180521|| aca||aabn | a|a d

040 ## - CATALOGING SOURCE

  • Original cataloging agency: OSt
  • Transcribing agency: OSt

100 ## - HEADING--PERSONAL NAME

  • Personal name: Potter, Norman N .

670 ## - SOURCE DATA FOUND

  • Source citation: Work cat.: (OSt): Potter, Norman N ., Food science / , 1996.
free website counter